[Event "Tenerife-chT Primera"]
[Site "Tenerife"]
[Date "2015.04.25"]
[Round "10.2"]
[White "Morales Motas, Adrian"]
[Black "Rivas Crespo, Alejandro"]
[Result "1-0"]
[WhiteElo "1586"]
[BlackElo "1685"]
[PlyCount "69"]
[EventDate "2015.01.24"]
[EventType "swiss"]
[EventRounds "14"]
[EventCountry "ESP"]
[SourceTitle "EXT 2024"]
[Source "ChessBase"]
[SourceDate "2023.10.10"]
[SourceVersion "1"]
[SourceVersionDate "2023.10.10"]
[SourceQuality "1"]
[WhiteTeam "Achinet Gambito de Rey"]
[BlackTeam "Circulo de Amistad XII Enero"]
[WhiteTeamCountry "ESP"]
[BlackTeamCountry "ESP"]

1. d4 Nf6 2. c4 g6 3. Nc3 Bg7 4. g3 0-0 5. Bg2 Nc6 6. Nf3 Rb8 7. 0-0 a6 8. Re1 d5 9. cxd5 Nxd5 10. Qb3 Be6 11. Qd1 Bg4 12. Nxd5 Qxd5 13. Ne5 Qd6 14. Nxc6 bxc6 15. Qa4 Rb6 16. Be3 Rxb2 17. Qxa6 Rfb8 18. Qxc6 Qxc6 19. Bxc6 Rxe2 20. a4 Rb6 21. Bb5 Rxe1+ 22. Rxe1 Bc8 23. d5 Rb7 24. Bf4 e6 25. Ba6 Rb8 26. Bxc7 Ra8 27. Bxc8 Rxc8 28. d6 Bf6 29. Rb1 Kf8 30. a5 Bd8 31. Rb7 Bxc7 32. Rxc7 Ra8 33. a6 Ke8 34. a7 Rd8 35. Rb7 1-0

[Event "Santa Cruz de Tenerife Amistad op"]
[Site "Santa Cruz de Tenerife"]
[Date "2013.09.20"]
[Round "6"]
[White "Rivas Crespo, Alejandro"]
[Black "Rodriguez Redondo, Ethan"]
[Result "1-0"]
[WhiteElo "1701"]
[BlackElo "1546"]
[PlyCount "59"]
[EventDate "2013.09.09"]
[EventType "swiss"]
[EventRounds "7"]
[EventCountry "ESP"]
[SourceTitle "CBM 156 Extra"]
[Source "ChessBase"]
[SourceDate "2013.10.22"]
[SourceVersion "1"]
[SourceVersionDate "2013.10.22"]
[SourceQuality "1"]

1. e4 e5 2. Nf3 Nf6 3. Nc3 Bb4 4. d3 d5 5. exd5 Nxd5 6. Bd2 0-0 7. Be2 Nc6 8. 0-0 Bxc3 9. Bxc3 Re8 10. Nd2 Bf5 11. Bf3 Qd6 12. Re1 Rad8 13. Bxd5 Qxd5 14. Ne4 Bxe4 15. dxe4 Qc5 16. Qe2 Re6 17. Rad1 Nd4 18. Bxd4 exd4 19. Qd3 Qg5 20. Re3 c5 21. Rg3 Qe7 22. Re3 c4 23. Qd2 Rxe4 24. Rxe4 Qxe4 25. Re1 Qc6 26. Kf1 Qd6 27. g3 Kf8 28. Qa5 a6 29. Qe5 Qb6 30. Qe7+ 1-0

[Event "Santa Cruz de Tenerife Amistad op"]
[Site "Santa Cruz de Tenerife"]
[Date "2013.09.16"]
[Round "4"]
[White "Rivas Crespo, Alejandro"]
[Black "Darias Darias, Luis"]
[Result "0-1"]
[WhiteElo "1701"]
[BlackElo "1878"]
[PlyCount "49"]
[EventDate "2013.09.09"]
[EventType "swiss"]
[EventRounds "7"]
[EventCountry "ESP"]
[SourceTitle "CBM 156 Extra"]
[Source "ChessBase"]
[SourceDate "2013.10.22"]
[SourceVersion "1"]
[SourceVersionDate "2013.10.22"]
[SourceQuality "1"]

1. e4 e5 2. Nf3 d6 3. h3 Be7 4. d4 Nd7 5. Nc3 c6 6. Bc4 Ngf6 7. 0-0 0-0 8. a4 Qc7 9. Re1 a5 10. Bg5 Nb6 11. Bb3 Be6 12. Bxe6 fxe6 13. dxe5 dxe5 14. Qe2 Bb4 15. Bd2 Rad8 16. Na2 Bxd2 17. Nxd2 Nxa4 18. b3 Nc5 19. Nc3 b5 20. Qe3 Nb7 21. Nf3 h6 22. Red1 b4 23. Na4 c5 24. Nb2 Nd6 25. Nd2 0-1

[Event "Santa Cruz de Tenerife Amistad op"]
[Site "Santa Cruz de Tenerife"]
[Date "2013.09.09"]
[Round "1"]
[White "Redondo Terron, Eva"]
[Black "Rivas Crespo, Alejandro"]
[Result "0-1"]
[WhiteElo "1057"]
[BlackElo "1701"]
[PlyCount "82"]
[EventDate "2013.09.09"]
[EventType "swiss"]
[EventRounds "7"]
[EventCountry "ESP"]
[SourceTitle "CBM 156 Extra"]
[Source "ChessBase"]
[SourceDate "2013.10.22"]
[SourceVersion "1"]
[SourceVersionDate "2013.10.22"]
[SourceQuality "1"]

1. e4 c5 2. c4 Nc6 3. Nf3 d6 4. d4 cxd4 5. Nxd4 Nf6 6. Be3 g6 7. Nc3 Bg7 8. Nxc6 bxc6 9. Be2 0-0 10. 0-0 a5 11. Qb3 Bd7 12. Rad1 Rb8 13. Qc2 c5 14. b3 Bc6 15. Bf4 Qc7 16. Nd5 Bxd5 17. exd5 Rb7 18. Qd2 Ne4 19. Qe3 Nc3 20. Rd2 Ra8 21. Bh6 Bh8 22. Bd3 a4 23. Bc2 axb3 24. axb3 Rba7 25. h3 Ra1 26. Rd3 Rxf1+ 27. Kxf1 Ra1+ 28. Bd1 Nxd1 29. Rxd1 Rxd1+ 30. Ke2 Ra1 31. g3 Qa5 32. Kf3 Qc3 33. Qxc3 Bxc3 34. h4 Rb1 35. Kg4 Rxb3 36. h5 Rb4 37. hxg6 Rxc4+ 38. f4 hxg6 39. Kg5 Bg7 40. Bxg7 Kxg7 41. f5 f6# 0-1

[Event "Cotelec Laguna 3rd"]
[Site "Cotelec"]
[Date "2012.07.26"]
[Round "7"]
[White "Villavicencio Martinez, Carlos Luis"]
[Black "Rivas Crespo, Alejandro"]
[Result "1-0"]
[WhiteElo "2071"]
[BlackElo "1708"]
[PlyCount "113"]
[EventDate "2012.07.20"]
[EventType "tourn"]
[EventRounds "9"]
[EventCountry "ESP"]
[SourceTitle "EXT 2014"]
[Source "ChessBase"]
[SourceDate "2013.11.20"]
[SourceVersion "1"]
[SourceVersionDate "2013.11.20"]
[SourceQuality "1"]

1. c4 e6 2. Nf3 d5 3. d4 Nf6 4. g3 Be7 5. Bg2 0-0 6. 0-0 c5 7. dxc5 Bxc5 8. a3 a5 9. Qc2 Qe7 10. Bg5 dxc4 11. Qxc4 Nbd7 12. Nc3 b6 13. Bxf6 Nxf6 14. Ne5 Bb7 15. Nc6 Bxc6 16. Bxc6 Rac8 17. Qb5 Rfd8 18. Bf3 Rd2 19. Rfd1 Rcd8 20. Rxd2 Rxd2 21. e3 g6 22. Na4 Qd7 23. Qb3 Qd6 24. Rc1 Nd7 25. Nc3 Ne5 26. Be2 Qc6 27. Rc2 Rxc2 28. Qxc2 Nf3+ 29. Bxf3 Qxf3 30. Qe4 Qxe4 31. Nxe4 Be7 32. Kf1 Kf8 33. Ke2 Ke8 34. Kd3 Kd7 35. Kc4 Kc6 36. a4 f5 37. Nc3 Bd6 38. h3 h6 39. Ne2 e5 40. f3 g5 41. e4 f4 42. g4 Be7 43. Nc3 Bf8 44. Nd5 Bc5 45. Nf6 Bb4 46. Nd5 Bf8 47. Nc3 Be7 48. Ne2 Bb4 49. Nc1 Bf8 50. Nd3 Bd6 51. b3 Bc7 52. b4 Kd6 53. bxa5 bxa5 54. Kb5 Bd8 55. Nb2 Bc7 56. Nc4+ Kd7 57. Nxa5 1-0

[Event "Cotelec Laguna 3rd"]
[Site "Cotelec"]
[Date "2012.07.23"]
[Round "4"]
[White "Rivas Crespo, Alejandro"]
[Black "Villavicencio Sanchez, Pedro"]
[Result "1-0"]
[WhiteElo "1708"]
[BlackElo "1623"]
[PlyCount "71"]
[EventDate "2012.07.20"]
[EventType "tourn"]
[EventRounds "9"]
[EventCountry "ESP"]
[SourceTitle "EXT 2014"]
[Source "ChessBase"]
[SourceDate "2013.11.20"]
[SourceVersion "1"]
[SourceVersionDate "2013.11.20"]
[SourceQuality "1"]

1. c4 e6 2. Nc3 d5 3. cxd5 exd5 4. d4 c5 5. Nf3 Nc6 6. g3 Nf6 7. Bg2 Be7 8. 0-0 0-0 9. a3 Bg4 10. Re1 Re8 11. Bf4 a6 12. Be3 cxd4 13. Nxd4 Ne4 14. Nxe4 Nxd4 15. Qxd4 dxe4 16. Qxd8 Bxd8 17. f3 exf3 18. exf3 Rxe3 19. Rxe3 Bb6 20. Kf2 Re8 21. Rae1 Rxe3 22. Rxe3 Bc8 23. Ke2 Bxe3 24. Kxe3 Kf8 25. Kd4 Be6 26. f4 b6 27. b4 Ke7 28. Bb7 Kd6 29. Bxa6 Bb3 30. Bc4 Bxc4 31. Kxc4 Kc6 32. a4 f6 33. a5 g5 34. fxg5 fxg5 35. b5+ Kc7 36. a6 1-0

[Event "Vecindario Canarias op 4th"]
[Site "Vecindario"]
[Date "2010.07.18"]
[Round "1"]
[White "Barlov, Dragan"]
[Black "Rivas Crespo, Alejandro"]
[Result "1-0"]
[WhiteElo "2493"]
[BlackElo "1755"]
[PlyCount "75"]
[EventDate "2010.07.18"]
[EventType "swiss"]
[EventRounds "9"]
[EventCountry "ESP"]
[SourceTitle "CBM 137 Extra"]
[Source "ChessBase"]
[SourceDate "2010.09.01"]
[SourceVersion "1"]
[SourceVersionDate "2010.09.01"]
[SourceQuality "1"]

1. e4 c5 2. Nf3 Nc6 3. Bb5 d6 4. 0-0 Nf6 5. Re1 g6 6. e5 Nd5 7. Nc3 Nxc3 8. dxc3 d5 9. Bxc6+ bxc6 10. Be3 e6 11. Bg5 Be7 12. Qd2 a5 13. Qf4 Bxg5 14. Nxg5 Qe7 15. h4 h6 16. Nf3 Ba6 17. Nh2 h5 18. Nf3 Kf8 19. Ng5 Kg7 20. Re3 Rhf8 21. Rae1 Ra7 22. Rf3 Rd7 23. Qg3 d4 24. Ne4 Rb7 25. b3 Rc7 26. Nd6 Bc8 27. Re4 Ba6 28. cxd4 cxd4 29. Rxd4 Bb5 30. c4 c5 31. Rdf4 Be8 32. a4 Rd7 33. Rf6 Rc7 34. Qg5 Rd7 35. Qd2 Qd8 36. Rd3 Kg8 37. Qh6 Qe7 38. Ne4 1-0

[Event "Cotelec Laguna op"]
[Site "Cotelec"]
[Date "2009.09.27"]
[Round "7"]
[White "Perez Celis, Alba"]
[Black "Rivas Crespo, Alejandro"]
[Result "1-0"]
[WhiteElo "1806"]
[BlackElo "1696"]
[PlyCount "83"]
[EventDate "2009.09.21"]
[EventType "swiss"]
[EventRounds "9"]
[EventCountry "ESP"]
[SourceTitle "CBM 132 Extra"]
[Source "ChessBase"]
[SourceDate "2009.11.03"]
[SourceVersion "1"]
[SourceVersionDate "2009.11.03"]
[SourceQuality "1"]

1. e4 c5 2. Ne2 Nc6 3. Nbc3 Nf6 4. g3 d6 5. Bg2 g6 6. 0-0 Bg7 7. d3 0-0 8. h3 Rb8 9. f4 Bd7 10. g4 b5 11. Ng3 b4 12. Nce2 a5 13. g5 Ne8 14. f5 Nc7 15. Nf4 Ne5 16. Be3 Qc8 17. Nfe2 f6 18. gxf6 exf6 19. Nf4 gxf5 20. Nfh5 fxe4 21. Nxg7 Kxg7 22. Nh5+ Kh8 23. Nxf6 Bxh3 24. Qh5 Rxf6 25. Rxf6 Bxg2 26. Kxg2 Qg4+ 27. Qxg4 Nxg4 28. Rxd6 Nxe3+ 29. Kf2 Nxc2 30. Rc1 exd3 31. Rxd3 Rf8+ 32. Kg3 c4 33. Rd7 b3 34. axb3 Rg8+ 35. Kh4 cxb3 36. Rxc7 Ra8 37. Rd1 a4 38. Rdd7 Rb8 39. Rxh7+ Kg8 40. Rhg7+ Kf8 41. Kg5 a3 42. Kh6 1-0

[Event "La Laguna op 3rd"]
[Site "La Laguna"]
[Date "2009.05.10"]
[Round "9"]
[White "Rivas Crespo, Alejandro"]
[Black "Febles Dominguez, Alfonso Jesus"]
[Result "1-0"]
[WhiteElo "1652"]
[BlackElo "1544"]
[PlyCount "75"]
[EventDate "2009.05.04"]
[EventType "swiss"]
[EventRounds "9"]
[EventCountry "ESP"]
[SourceTitle "CBM 130 Extra"]
[Source "ChessBase"]
[SourceDate "2009.07.02"]
[SourceVersion "2"]
[SourceVersionDate "2009.07.15"]
[SourceQuality "1"]

1. e4 e5 2. Bc4 Nf6 3. d3 c6 4. Nf3 d6 5. h3 Be7 6. 0-0 Nbd7 7. Re1 h6 8. c3 Nb6 9. Bb3 Be6 10. Bc2 Qc7 11. d4 0-0-0 12. Nbd2 g5 13. Bb3 g4 14. Bxe6+ fxe6 15. hxg4 Nxg4 16. Nh2 Nxh2 17. Kxh2 exd4 18. cxd4 Rdf8 19. Nf3 Bf6 20. Be3 Nc4 21. Qb3 d5+ 22. e5 Bg5 23. Kg1 Nxe3 24. fxe3 Rhg8 25. e4 Kd8 26. exd5 Qg7 27. Nxg5 Qxg5 28. Re2 Qg4 29. Rd2 cxd5 30. Qxb7 Rg7 31. Qb8+ Ke7 32. Qd6+ Ke8 33. Rc1 Kf7 34. Rf1+ Kg8 35. Qxf8+ Kh7 36. Rf7 h5 37. Qxg7+ Qxg7 38. Rxg7+ 1-0

[Event "La Laguna op 3rd"]
[Site "La Laguna"]
[Date "2009.05.04"]
[Round "1"]
[White "Fernandez Romero, Ernesto"]
[Black "Rivas Crespo, Alejandro"]
[Result "1-0"]
[WhiteElo "2453"]
[BlackElo "1652"]
[PlyCount "61"]
[EventDate "2009.05.04"]
[EventType "swiss"]
[EventRounds "9"]
[EventCountry "ESP"]
[SourceTitle "CBM 130 Extra"]
[Source "ChessBase"]
[SourceDate "2009.07.02"]
[SourceVersion "2"]
[SourceVersionDate "2009.07.15"]
[SourceQuality "1"]

1. e4 c5 2. Ne2 d6 3. g3 Nf6 4. Bg2 g6 5. 0-0 Bg7 6. c3 0-0 7. d4 cxd4 8. cxd4 Nc6 9. Nbc3 Bd7 10. h3 Rc8 11. Be3 a6 12. Qd2 b5 13. b3 e5 14. d5 Na5 15. Rfc1 Ne8 16. Nd1 Nb7 17. Rxc8 Bxc8 18. Rc1 f5 19. Rc6 fxe4 20. Bb6 Qd7 21. Qc2 Nf6 22. Nec3 b4 23. Nxe4 Nxe4 24. Qxe4 a5 25. Nb2 Nd8 26. Bxd8 Qxd8 27. Nc4 Rf6 28. Qe3 Bb7 29. Qb6 Qxb6 30. Rxb6 Ba8 31. Nxa5 1-0

[Event "Las Palmas op"]
[Site "Las Palmas"]
[Date "2009.04.10"]
[Round "7"]
[White "Perez Martin, Alain"]
[Black "Rivas Crespo, Alejandro"]
[Result "0-1"]
[WhiteElo "1735"]
[BlackElo "1652"]
[PlyCount "50"]
[EventDate "2009.04.05"]
[EventType "swiss"]
[EventRounds "9"]
[EventCountry "ESP"]
[SourceTitle "CBM 129 Extra"]
[Source "ChessBase"]
[SourceDate "2009.05.05"]
[SourceVersion "2"]
[SourceVersionDate "2009.05.20"]
[SourceQuality "1"]

1. e4 c5 2. Nf3 Nc6 3. d4 cxd4 4. Nxd4 Nf6 5. Nc3 e5 6. Nf3 d6 7. Bb5 Be7 8. 0-0 0-0 9. Bg5 Bg4 10. h3 Bh5 11. Qd3 Nb4 12. Qe3 Nxc2 13. Qd2 Nxa1 14. Rxa1 Bg6 15. Re1 a6 16. Ba4 b5 17. Bc2 Rc8 18. b4 Qc7 19. Re3 d5 20. exd5 Bxb4 21. Bxg6 hxg6 22. Bxf6 gxf6 23. d6 Bxc3 24. Rxc3 Qxc3 25. Qh6 Qc1+ 0-1

[Event "Las Palmas op"]
[Site "Las Palmas"]
[Date "2009.04.09"]
[Round "6"]
[White "Rivas Crespo, Alejandro"]
[Black "Rodriguez Perez, David Antonio"]
[Result "0-1"]
[WhiteElo "1652"]
[BlackElo "2062"]
[PlyCount "54"]
[EventDate "2009.04.05"]
[EventType "swiss"]
[EventRounds "9"]
[EventCountry "ESP"]
[SourceTitle "CBM 129 Extra"]
[Source "ChessBase"]
[SourceDate "2009.05.05"]
[SourceVersion "2"]
[SourceVersionDate "2009.05.20"]
[SourceQuality "1"]

1. e4 c5 2. Nf3 d6 3. d4 cxd4 4. Nxd4 Nf6 5. Nc3 g6 6. Be3 Bg7 7. f3 0-0 8. Qd2 Nc6 9. Bc4 Bd7 10. 0-0-0 Rb8 11. h4 Na5 12. Be2 b5 13. g4 Nc4 14. Bxc4 bxc4 15. Bh6 Bxh6 16. Qxh6 Qb6 17. b3 e5 18. Nde2 Be6 19. Nd5 Bxd5 20. exd5 Qa6 21. h5 cxb3 22. axb3 Qxe2 23. hxg6 fxg6 24. g5 Qe3+ 25. Kb1 Rxb3+ 26. cxb3 Qxb3+ 27. Kc1 Qc3+ 0-1

[Event "Las Palmas op"]
[Site "Las Palmas"]
[Date "2009.04.05"]
[Round "1"]
[White "Rivas Crespo, Alejandro"]
[Black "Gonzalez Intelangelo, Gerardo"]
[Result "0-1"]
[WhiteElo "1652"]
[BlackElo "2107"]
[PlyCount "50"]
[EventDate "2009.04.05"]
[EventType "swiss"]
[EventRounds "9"]
[EventCountry "ESP"]
[SourceTitle "CBM 129 Extra"]
[Source "ChessBase"]
[SourceDate "2009.05.05"]
[SourceVersion "2"]
[SourceVersionDate "2009.05.20"]
[SourceQuality "1"]

1. e4 c6 2. d4 d5 3. Nc3 dxe4 4. Nxe4 Nf6 5. Nxf6+ gxf6 6. Nf3 Bf5 7. Bd3 Bg6 8. Qe2 e6 9. Bf4 Bd6 10. Bg3 Qc7 11. Bxd6 Qxd6 12. 0-0-0 Nd7 13. Bxg6 hxg6 14. Kb1 0-0-0 15. c4 Qf4 16. Qe3 Qf5+ 17. Qd3 Qxd3+ 18. Rxd3 g5 19. h4 gxh4 20. Rxh4 Rxh4 21. Nxh4 Ne5 22. Rc3 Rxd4 23. Nf3 Rxc4 24. Nxe5 Rxc3 25. Nxf7 Rd3 0-1

[Event "El Sauzal op 9th"]
[Site "El Sauzal"]
[Date "2008.11.01"]
[Round "1"]
[White "Rivas Crespo, Alejandro"]
[Black "Agrest, Evgenij"]
[Result "0-1"]
[WhiteElo "1653"]
[BlackElo "2574"]
[PlyCount "50"]
[EventDate "2008.11.01"]
[EventType "swiss (rapid)"]
[EventRounds "9"]
[EventCountry "ESP"]
[SourceTitle "CBM 127 Extra"]
[Source "ChessBase"]
[SourceDate "2009.01.08"]
[SourceVersion "2"]
[SourceVersionDate "2009.01.28"]
[SourceQuality "1"]

1. e4 c5 2. Nf3 e6 3. d4 cxd4 4. Nxd4 a6 5. Nc3 d6 6. Be3 Nd7 7. Be2 Ngf6 8. 0-0 b5 9. a3 Bb7 10. f3 Rc8 11. Qd2 Be7 12. a4 b4 13. Na2 d5 14. exd5 Nxd5 15. c4 Nxe3 16. Qxe3 Bc5 17. f4 0-0 18. Nc1 Ba7 19. Ncb3 Nc5 20. Nxc5 Bxc5 21. Rad1 Qb6 22. a5 Qxa5 23. Kh1 Qb6 24. Qe5 Be7 25. Nb3 Bf6 0-1